000 00365nam a22001577a 4500
003 MPLRDC
005 20220104114427.0
008 210129b ||||| |||| 00| 0 eng d
082 _a947.41 LZC c.2
100 _a黎彰传
245 _a吐饭曲
_c
260 _a马来西亚
_b黎彰传画廊
_c
300 _b174
650 _a漫画
942 _cBK
_o947.41 LZC c.2
999 _c7381
_d7371